000 00248nam a22001217a 4500
082 _a823
_bJOH/L
100 _aJOHNSON
245 _aLIFE OF MILTON
260 _aAGRA
_bLAKSHMI NARAIN AGARWAL
300 _a199
650 _aNOVEL
_zINDIA
942 _cBK
999 _c3399
_d3399